Casa, vecindario y cultura en el siglo XVIII: memoria del VI Simposio de Historia de las Mentalidades

Saved in:
Bibliografiske detaljer
Institution som forfatter: Instituto Nacional de Antropología e Historia (Author)
Format: Bog
Sprog:spansk
Udgivet: Ciudad de México Instituto Nacional de Antropología e Historia 1998
Udgivelse:1a. ed
Serier:Antropología Social
Fag:
Tags: Tilføj Tag
Ingen Tags, Vær først til at tagge denne postø!

MARC

LEADER 00000cam a2200000 a 4500
001 UCE2845
003 CL-VaPUC
005 20211018085753.0
008 140731e19980000mx 1 spa d
020 |a 9701811909 
082 0 4 |a 980.013  |b INS  |2 21 
110 2 |a Instituto Nacional de Antropología e Historia  |e author  |9 622047 
245 1 0 |a Casa, vecindario y cultura en el siglo XVIII: memoria del VI Simposio de Historia de las Mentalidades 
250 |a 1a. ed 
260 |a Ciudad de México  |b Instituto Nacional de Antropología e Historia  |c 1998 
300 |a 221 p 
490 0 |a Antropología Social 
583 |a last modification  |c 20190909 10:49:02  |k Rodrigo Vera 
650 0 0 |a Historia de América  |9 266076 
650 0 0 |a Colonización americana  |9 388010 
942 |c BK 
945 |a dcastane  |d 20140731 15:45:00 
546 |a En Español 
536 |a Instituto Nacional de Antropología e Historia 
518 |p Simposio de Historia de las Mentalidades, 6, México, 30-31 de agosto y 1 de septiembre de 1995 
999 |c 384764  |d 384762 
952 |0 0  |1 0  |3 erb  |4 0  |6 980_013000000000000_INS_1998  |7 0  |8 A  |9 507716  |a BIBHIS  |b BIBHIS  |i 5079780  |o 980.013 INS 1998  |p 5079780  |r 2025-01-20  |w 2020-01-23  |y BK  |z Catalogado en:20140731  |k HIS